Equips de futbol de la ciutat de Barcelona - Estadísticas

Estadísticas generales
  • Esta prueba ha sido intentada 67 veces
    15 desde el último reinicio
  • La puntuación promedio es 9 de 14
Estadísticas de respuestas
Màxima categoria Equip % Correcto
1a divisió CE Europa
100%
1a divisió FC Barcelona
100%
1a divisió RCD Espanyol
100%
2a divisió UE Sant Andreu
92%
2a divisió CE Júpiter
77%
2a federació FC Martinenc
77%
2a federació UE Sants
77%
2a federació UA Horta
62%
1a divisió CD Comtal
54%
2a federació CF Montanyesa
46%
2a federació EE Guineueta
23%
2a federació CA Ibèria
15%
2a federació CA Poblenou
15%
2a federació UE Poble Sec
15%
No se encontraron pruebas coincidentes
Distribución de puntuación
Porcentaje de gente con cada puntuación
Porcentaje por número respondido
Historial de tus puntuaciones
No has intentado esta prueba desde el último reinicio